• 首页
  • 本馆介绍
  • 公告通知
  • 最新文献
  • 馆藏检索
  • 电子资源
  • 读者导购
  • 参考咨询
  • 我的图书馆
  • 登录
  • 详细信息显示
  • 放入我的书架
  • 预约/预借图书
  • 作者相关作品
  • 分类相关作品
  • 丛书相关作品
  • 出版社相关作品

书目信息

  • 表格格式
  • 工作单格式
  • 卡片格式
题名:
张鸣重说晚清民国
    
 
作者: 张鸣 著
分册:  
出版信息: 北京   台海出版社  2016
页数: 266页
开本: 24cm
丛书名:
单 册:
中图分类: K250.9
科图分类:
主题词: 中国历史--zhong guo li shi--近代史--通俗读物
电子资源:
ISBN: 978-7-5168-0761-3
000 00797nam0 22002411 450
001 0124140138
005 20170324140138.0
010    @a978-7-5168-0761-3@dCNY39.90
100    @a20160803d2016 em y0chiy50 ea
101 0  @achi
102    @aCN@b110000
105    @aa z 000yy
106    @ar
200 1  @a张鸣重说晚清民国@9zhang ming chong shuo wan qing min guo@f张鸣著
210    @a北京@c台海出版社@d2016
215    @a266页@c图@d24cm
300    @a读客 这本史书真好看文库 053
330    @a本书包括晚清的政客和民国的军头、帝国末世的潜规则与荒诞剧、三教九流说中国、闲话古今、余家偏史等内容。
606 0  @a中国历史@9zhong guo li shi@x近代史@j通俗读物
690    @aK250.9@v5
701  0 @a张鸣@9zhang ming@f(1957~)@4著
801  0 @aCN@bTANGWEI@c20170308
905    @b0961778-80@dK250.9@e199@f3
    
    张鸣重说晚清民国/张鸣著.-北京:台海出版社,2016
    266页:图;24cm
    读客 这本史书真好看文库 053
    
    ISBN 978-7-5168-0761-3:CNY39.90
    本书包括晚清的政客和民国的军头、帝国末世的潜规则与荒诞剧、三教九流说中国、闲话古今、余家偏史等内容。
●
相关链接 在E读中查询图书 在五车中查询图书 在当当中查询图书 在豆瓣中查询图书


正题名:张鸣重说晚清民国     索取号:K250.9/199         预约/预借

序号 登录号 条形码 馆藏地/架位号 状态 备注
1 0961778   209617789   第二样本阅览室/ [索取号:K250.9/199] 在馆    
2 0961779   209617798   第二借阅区/ [索取号:K250.9/199] 在馆    
3 0961780   209617805   第二借阅区/ [索取号:K250.9/199] 在馆    
唐山师范学院图书馆 欢迎您!
大连网信软件有限公司© 版权所有